| 000 | 00496nam a22001457a 4500 | ||
|---|---|---|---|
| 082 | _aP667 | ||
| 100 |
_aMuhammad Furqan umer ASC Syn#15 _950977 |
||
| 245 |
_aApplication of titanium dioixide as a photocatalyst in concrete for air purification & self cleaning _bProject |
||
| 260 |
_aRisalpur, _bMCE, _c2016. |
||
| 300 |
_a55p. _bill. _c26cm. |
||
| 526 |
_a0 _b0 _c0 _dP_667_000000000000000 |
||
| 526 |
_a0 _b0 _c0 _dP_667_000000000000000 |
||
| 700 | _aLt Col Dr Maqbool Sadiq awan | ||
| 942 |
_2ddc _cBK |
||
| 999 |
_c553717 _d553717 |
||